বৌদ্ধধর্মের ইতিহাস / (Record no. 40491)
[ view plain ]
| 000 -LEADER | |
|---|---|
| fixed length control field | 01164nam a2200265 a 4500 |
| 001 - CONTROL NUMBER | |
| control field | 40491 |
| 003 - CONTROL NUMBER IDENTIFIER | |
| rucl marc code | BD-RjUL |
| 005 - DATE AND TIME OF LATEST TRANSACTION | |
| control field | 20211209053227.0 |
| 008 - FIXED-LENGTH DATA ELEMENTS--GENERAL INFORMATION | |
| fixed length control field | 160503s2007 ii ||||| b||| 00| 0 ben d |
| 020 ## - INTERNATIONAL STANDARD BOOK NUMBER | |
| International Standard Book Number | 8187032634 |
| Terms of availability | : IRs 200.00 |
| 035 ## - SYSTEM CONTROL NUMBER | |
| System control number | (BD-RjUL)40606 |
| 040 ## - CATALOGING SOURCE | |
| Original cataloging agency | BD-RjUL |
| Language of cataloging | ben |
| Transcribing agency | BD-RjUL |
| 041 ## - LANGUAGE CODE | |
| Language code of text/sound track or separate title | ben |
| 082 ## - DEWEY DECIMAL CLASSIFICATION NUMBER | |
| Edition number | 23 |
| Classification number | 294.309 |
| Author mark and year | HAB 2007 |
| 100 ## - MAIN ENTRY--PERSONAL NAME | |
| Personal name | হালদার, মণিকুন্তলা |
| 9 (RLIN) | 124707 |
| 245 10 - TITLE STATEMENT | |
| Title | বৌদ্ধধর্মের ইতিহাস / |
| Statement of responsibility, etc. | মণিকুন্তলা হালদার ; সুকোমল চৌধুরী সম্পাদিত |
| 250 ## - EDITION STATEMENT | |
| Edition statement | ২য় সং. |
| 260 ## - PUBLICATION, DISTRIBUTION, ETC. (IMPRINT) | |
| Place of publication, distribution, etc. | কলিকাতা : |
| Name of publisher, distributor, etc. | মহাবোধি বুক এজেন্সী, |
| Date of publication, distribution, etc. | ২০০৭ |
| 300 ## - PHYSICAL DESCRIPTION | |
| Pagination | [১২], ৪৩৪ পৃ. ; |
| Size | ২১ সেমি. |
| 504 ## - BIBLIOGRAPHY, ETC. NOTE | |
| Bibliography, etc | নির্বাচিত গ্রন্থপঞ্জি সম্বলিত |
| 650 ## - SUBJECT ADDED ENTRY--TOPICAL TERM | |
| Topical term or geographic name as entry element | বৌদ্ধধর্ম |
| General subdivision | ইতিহাস |
| 9 (RLIN) | 123075 |
| Topical term or geographic name as entry element | Buddism |
| General subdivision | History |
| 9 (RLIN) | 123076 |
| 700 ## - ADDED ENTRY--PERSONAL NAME | |
| Personal name | চৌধুরী, সুকোমল, সম্পাদিত |
| 942 ## - ADDED ENTRY ELEMENTS (KOHA) | |
| Source of classification or shelving scheme | Dewey Decimal Classification |
| Koha item type | Books |
| Lost status | Source of classification or shelving scheme | Damaged status | Not for loan | Collection code | Permanent Location | Current Location | Shelving location | Date acquired | Source of acquisition | Cost, normal purchase price | Total Checkouts | Full call number | Date last seen | Date checked out | Copy number | Koha item type |
|---|---|---|---|---|---|---|---|---|---|---|---|---|---|---|---|---|
| Dewey Decimal Classification | Non-fiction | Central Library, University of Rajshahi | Central Library, University of Rajshahi | 10/05/2008 | Dhaka : Paragon Enterprise | 200.00 | 5 | B 294.309 HAB 2007 | 04/02/2019 | 28/11/2018 | C-2 | Books | ||||
| Dewey Decimal Classification | Non-fiction | Central Library, University of Rajshahi | Central Library, University of Rajshahi | 10/05/2008 | Paragon Enterprises Dhaka | 200.00 | B 294.309 HAB 2007 | 09/11/2016 | C-3 | Books | ||||||
| Dewey Decimal Classification | Non-fiction | Central Library, University of Rajshahi | Central Library, University of Rajshahi | 10/05/2008 | Dhaka paragon enterprises ltd. | 200.00 | B 294.309 HAB 2007 | 06/12/2016 | C-4 | Books | ||||||
| Dewey Decimal Classification | Not For Loan | Non-fiction | Central Library, University of Rajshahi | Central Library, University of Rajshahi | Reading Room | 10/05/2008 | Dhaka : Paragon int. | 200.00 | B 294.309 HAB 2007 | 24/11/2020 | C-1 | Books |